Länder Nordamerikas zuordnen - Statistiken

Allgemein
  • Dieses Quiz wurde 242 mal gespielt
  • Das Durchschnittsergebnis liegt bei 15 aus 23
Antworten auf der Karte
Die Antworten werden auf der Karte rot bzw. grün angezeigt, abhängig davon wie oft sie richtig erraten wurden.
 
Antwortstatistiken
Antwort % Korrekt
Vereinigte Staaten
96%
Kanada
94%
Mexiko
94%
Panama
85%
Kuba
83%
Dominikanische
Republik
77%
Bahamas
76%
Haiti
74%
Costa Rica
71%
El Salvador
71%
Jamaika
70%
Nicaragua
69%
Guatemala
68%
Belize
67%
Honduras
66%
Trinidad und Tobago
60%
Antigua und Barbuda
44%
Barbados
43%
St. Vincent und die Grenadinen
40%
Dominica
39%
St. Kitts und Nevis
39%
St. Lucia
39%
Grenada
38%
Keine übereinstimmenden Quizze gefunden
Verteilung der Resultate
Anzahl Personen mit jedem Resultat
Perzentil nach korrekt beantworteten Fragen
Ihre Resultats-Entwicklung
Sie haben dieses Quiz noch nicht gespielt